| 000 | 00651nam a2200229 a 4500 | ||
|---|---|---|---|
| 001 | BRL_1736 | ||
| 005 | 20190320211338.0 | ||
| 008 | 230715s1968----mx-ao#####---#000-0#spa-# | ||
| 020 | _a9681619595 | ||
| 041 | _aspa | ||
| 044 | _amx | ||
| 050 | 4 |
_aF1386.3 _b.M39 1968 |
|
| 100 | 1 |
_aMaza, Francisco de la _d1913-1972 _9278 |
|
| 245 | 1 | 0 |
_aLa Ciudad de México en el siglo XVII _cFrancisco de la Maza. |
| 260 |
_aMéxico _bFondo de Cultura Económica ; SEP _c1968 |
||
| 300 |
_a129 p. _bil. _c21 cm |
||
| 440 | 0 |
_aLecturas mexicanas _v95 _927748 |
|
| 500 | _aAu1946 | ||
| 651 | 4 |
_aCiudad de México _xHistoria _9691 |
|
| 902 | _aGRL | ||
| 942 |
_2lcc _cB |
||
| 999 |
_c10544 _d10544 |
||